000 00310nam a22001337a 4500
003 SGT
082 _a347.05,S.R.A.
100 _aS.R.A. ROSEDAR
245 _aCIVIL PROCEDURE CODE & LIMITATION ACT
260 _aGURGAON
_bLEXIS NEXIS
_c2014
300 _a348
650 _aCIVIL PROCEDURE CODE
942 _2ddc
_cBK
999 _c11005
_d11005